000 00778cab a2200277 4500
001 ABS48278
008 090401t1993 xxu||||| |||| 00| 0 eng d
035 _a(Sirsi) u65887
041 _aeng
100 _aPettipher, M.
245 _aPositive moves
260 _c1993
350 _a0
490 _aNew Builder
_v(165) 5 March 1993, 18(1)
520 _aExplains the French planning system which revolves around departements, communes and the maire.
650 _aCERTIFICATE DURBANISME
650 _aCODE DE LURBANISME
650 _aFRANCE
650 _aPERMIS DE CONSTRUIRE
650 _aPLAN DOCCUPATION DES SOLS
650 _aPLANNING PERMISSION
690 _aOVERSEAS-EUROPE
690 _aPLANNING LAW AND PRACTICE
942 _n0
948 _c04/03/1997
999 _c41148
_d41148